KOHA-Header-6

Principles of Electric Circuits (Record no. 5832)

000 -LEADER
fixed length control field 00296nam a2200121Ia 4500
020 ## - INTERNATIONAL STANDARD BOOK NUMBER
ISBN 978-93-325-7388-8
100 ## - MAIN ENTRY--AUTHOR NAME
Personal name Thomas L. Floyd
245 #0 - TITLE STATEMENT
Title Principles of Electric Circuits
260 ## - PUBLICATION, DISTRIBUTION, ETC. (IMPRINT)
Place of publication India
Name of publisher Pearson
Year of publication 2018
300 ## - PHYSICAL DESCRIPTION
Number of Pages 974
942 ## - ADDED ENTRY ELEMENTS (KOHA)
Koha item type Books
Holdings
Withdrawn status Lost status Collection code Permanent Location Current Location Shelving location Date acquired Full call number Accession Number Koha item type
    Electrical Engineering MAJU MAJU Shelf No.A34 2019-10-28 621.31 9241 Electrical Engineering

Powered by Koha